000 04304nam a2200325 i 4500
003 CSPC
005 20250909164349.0
008 250909s2023 -uk 001 0 eng d
020 _a9781801072472
040 _aCSPC
_beng
_cCSPC
_erda
050 0 4 _aQA76.9.A25
_b.S44 2023
082 0 4 _a005.8
_bSe41c
100 1 _aSehgal, Kunal,
_eauthor.
245 1 0 _aCybersecurity blue team strategies :
_buncover the secrets of blue teams to combat cyber threats in your organization /
_cKunal Sehgal and Nikolaos Thymianis.
250 _a1st edition.
264 1 _aBirmingham, UK :
_bPackt Publishing,
_c2023.
300 _axvii, 191 pages ;
_c24 cm.
336 _2rdacontent
_atext
337 _2rdamedia
_aunmediated
338 _2rdacarrier
_avolume
500 _aIncludes index.
505 0 _aPart 1: Establishing the blue -- Establishing a defense program -- Managing a defense security team -- Risk assessment -- Blue team operations -- Governance, compliance, regulations, and best practices -- Part 2: Controlling the fray -- Preventive controls -- Detective controls -- Cyber threat intelligence -- Incident response and recovery -- Prioritizing and implementing a blue team strategy -- Part 3: Ask the experts -- Expert insights.
520 _a" Build a blue team for efficient cyber threat management in your organization Key Features Explore blue team operations and understand how to detect, prevent, and respond to threatsDive deep into the intricacies of risk assessment and threat managementLearn about governance, compliance, regulations, and other best practices for blue team implementation Book Description We've reached a point where all organizational data is connected through some network. With advancements and connectivity comes ever-evolving cyber threats - compromising sensitive data and access to vulnerable systems. Cybersecurity Blue Team Strategies is a comprehensive guide that will help you extend your cybersecurity knowledge and teach you to implement blue teams in your organization from scratch. Through the course of this book, you’ll learn defensive cybersecurity measures while thinking from an attacker's perspective. With this book, you'll be able to test and assess the effectiveness of your organization’s cybersecurity posture. No matter the medium your organization has chosen- cloud, on-premises, or hybrid, this book will provide an in-depth understanding of how cyber attackers can penetrate your systems and gain access to sensitive information. Beginning with a brief overview of the importance of a blue team, you’ll learn important techniques and best practices a cybersecurity operator or a blue team practitioner should be aware of. By understanding tools, processes, and operations, you’ll be equipped with evolving solutions and strategies to overcome cybersecurity challenges and successfully manage cyber threats to avoid adversaries. By the end of this book, you'll have enough exposure to blue team operations and be able to successfully set up a blue team in your organization. What you will learn Understand blue team operations and its role in safeguarding businessesExplore everyday blue team functions and tools used by themBecome acquainted with risk assessment and management from a blue team perspectiveDiscover the making of effective defense strategies and their operationsFind out what makes a good governance programBecome familiar with preventive and detective controls for minimizing risk Who this book is for This book is for cybersecurity professionals involved in defending an organization’s systems and assets against attacks. Penetration testers, cybersecurity analysts, security leaders, security strategists, and blue team members will find this book helpful. Chief Information Security Officers (CISOs) looking at securing their organizations from adversaries will also benefit from this book. To get the most out of this book, basic knowledge of IT security is recommended."
650 0 _aComputer security.
650 0 _aComputer networks
_xSecurity measures.
650 0 _aComputer crimes.
700 1 _aThymianis, Nikolaos,
_eauthor.
942 _2ddc
_n0
_cBK
_h005.8
_iSe41c
_kGRD
_m2023
999 _c30445
_d30445